000 00288nam a22001337a 4500
008 181006b xxu||||| |||| 00| 0 eng d
020 _a707937
041 _aeng
080 _a610.73
100 _a2
101 _aINF
245 _aChild Health Nursing
_cPillitteri, A
942 _2udc
_cBK
999 _c48959
_d48959